000 00330 a2200157 4500
001 182948
020 _a
040 _cMagnum
100 _aAlves, Galeno Germano
240 1 0 _aCrônicas do dia-a-dia
_lpor
245 1 0 _aCrônicas do dia-a-dia
300 _a94
362 0 _a2002
697 _aLITERATURA GERAL
942 _cBK
999 _c182948
_d182948